Statistics for Minecraft Illagers Quiz

Click here to take the quiz!

General Stats

  • This quiz has been taken 114 times
    (110 since last reset)
  • The average score is 6 of 7

Answer Stats

Answer% Correct
Pillager
91%
Evoker
88%
Vex
86%
Vindicator
85%
Ravager
83%
Witch
71%
Illusioner
58%

Score Distribution

Percentile by Number Answered

Percent of People with Each Score

Your Score History

You have not taken this quiz since the last reset